AH International Schools' Libraries

Peppa Pig: Peppa the Easter bunny. (Record no. 49651)

MARC details
000 -LEADER
fixed length control field 00845nam a2200241 4500
003 - CONTROL NUMBER IDENTIFIER
control field Uk
005 - DATE AND TIME OF LATEST TRANSACTION
control field 20251013132245.0
008 - FIXED-LENGTH DATA ELEMENTS--GENERAL INFORMATION
fixed length control field 191106s2020 enka j 000|f|eng|d
015 ## - NATIONAL BIBLIOGRAPHY NUMBER
National bibliography number GBC001192
Source bnb
016 7# - NATIONAL BIBLIOGRAPHIC AGENCY CONTROL NUMBER
Record control number 019664269
Source Uk
020 ## - INTERNATIONAL STANDARD BOOK NUMBER
International Standard Book Number 9780241411827
Qualifying information hardback
Terms of availability £4.99
082 04 - DEWEY DECIMAL CLASSIFICATION NUMBER
Classification number 823.92
Edition number 23
100 ## - MAIN ENTRY--PERSONAL NAME
Personal name Holowaty, Lauren,
Relator term author.
9 (RLIN) 86070
245 00 - TITLE STATEMENT
Title Peppa Pig: Peppa the Easter bunny.
Statement of responsibility, etc adapted by Lauren Holowaty.
260 ## - PUBLICATION, DISTRIBUTION, ETC. (IMPRINT)
Place of publication, distribution, etc London:
Name of publisher, distributor, etc Penguin Random House;
Date of publication, distribution, etc 2020.
300 ## - PHYSICAL DESCRIPTION
Extent 1 volume (unpaged) :
Other physical details chiefly illustrations (colour) ;
Dimensions 18 cm.
490 ## - SERIES STATEMENT
Series statement Peppa Pig
600 00 - SUBJECT ADDED ENTRY--PERSONAL NAME
Personal name Peppa Pig
Titles and other words associated with a name (Fictitious character)
Form subdivision Pictorial works
-- Juvenile fiction.
9 (RLIN) 86780
655 #7 - INDEX TERM--GENRE/FORM
Genre/form data or focus term Children's stories
Form subdivision Pictorial works.
Source of term gsafd
655 #0 - INDEX TERM--GENRE/FORM
Genre/form data or focus term Board books.
9 (RLIN) 33579
942 ## - ADDED ENTRY ELEMENTS (KOHA)
Source of classification or shelving scheme
Koha item type Board Book
Holdings
Withdrawn status Lost status Source of classification or shelving scheme Damaged status Not for loan Home library Current library Date acquired Total Checkouts Full call number Barcode Date last seen Date checked out Price effective from Koha item type
          Logos International School Logos International School 10/13/2025 3 BB PEP 041816 02/04/2026 01/28/2026 10/13/2025 Board Book

For any Logos Library related questions please contact Miss Art at swongnarasuk@asianhope.org.

For any Asian Hope Library related questions please contact Miss Raza at graza@asianhope.org.

Click here to explore our ebooks!

Powered by Koha